Les circuits supprimés du calendrier de F1 depuis 2000 - Statistiques

Statistiques générales
  • Ce quiz a été pris 19 fois
  • Le résultat moyen est 8 sur 15
Statistiques - réponses
Dernière apparition Réponse % Correct
2022 Le Castellet
79%
2025 Imola
63%
2008 Magny-Cours
63%
2021 Portimao
63%
2021 Sotchi
63%
2019 Hockenheim
58%
2021 Istanbul
58%
2007 Indianapolis
47%
2020 Mugello
47%
2020 Nürburgring
47%
2017 Sepang
47%
2013 Buddh
42%
2012 Valence
42%
2013 Yeongam
37%
2008 Fuji
32%
Aucun quiz correspondant
Distribution des résultats
% des personnes avec chaque résultat
Percentile par nombre de réponses
Votre historique - résultats
Vous n’avez pas pris ce quiz